Consumer behavior / (Record no. 147272)

MARC details
000 -LEADER
fixed length control field 00560nam a22001937a 4500
005 - DATE AND TIME OF LATEST TRANSACTION
control field 20171109151424.0
010 ## - LCCN (DPL NO)
LC control number ENG-121293
020 ## - INTERNATIONAL STANDARD BOOK NUMBER
International Standard Book Number 9789387225039
Terms of availability 1295.00
035 ## - SYSTEM CONTROL NUMBER
System control number EN-104825
037 ## - SOURCE OF ACQUISITION
Source of stock number/acquisition DBAD/PUB
082 ## - DEWEY DECIMAL CLASSIFICATION NUMBER
Classification number 658.8342
100 ## - MAIN ENTRY--PERSONAL NAME
Personal name Mohan, Sangeeta
245 ## - TITLE STATEMENT
Title Consumer behavior /
Statement of responsibility, etc edited by Sangeeta Mohan
260 ## - PUBLICATION, DISTRIBUTION, ETC. (IMPRINT)
Place of publication, distribution, etc Agra
Name of publisher, distributor, etc Sunjoy
Date of publication, distribution, etc 2017
270 ## - ADDRESS
Address B-51, Kamla Nagar
City Agra (U.P)
Postal code 282005
300 ## - PHYSICAL DESCRIPTION
Extent viii,252p.
Dimensions 23cm(Hb)
500 ## - GENERAL NOTE
General note Includes bibliographical and index
942 ## - ADDED ENTRY ELEMENTS (KOHA)
Source of classification or shelving scheme Dewey Decimal Classification
Item type English Books
Classification part 658.8342
Call number suffix MOH
Holdings
Withdrawn status Lost status Not for loan Collection code Home library Current library Date acquired Source of acquisition Cost, normal purchase price Full call number Barcode Copy number Cost, replacement price Koha item type
      Non-fiction Patel Nagar Patel Nagar 09/11/2017 DBAD/PUB 1295.00 658.8342 MOH EN-104825 1 1295.00 English Books

© Delhi Public Library
Hit Counter
free hit counter